[Event "USA-ch"]
[Site "Modesto"]
[Date "1995.??.??"]
[Round "6"]
[White "Ivanov, Alexander"]
[Black "De Firmian, Nick E"]
[Result "0-1"]
[WhiteElo "2530"]
[BlackElo "2605"]
[Annotator "Ribli,Z"]
[PlyCount "73"]
[EventDate "1995.11.??"]
[EventType "tourn"]
[EventRounds "13"]
[EventCountry "USA"]
[EventCategory "12"]
[SourceTitle "CBM 051"]
[Source "ChessBase"]
[SourceDate "1996.04.01"]
[SourceVersion "1"]
[SourceVersionDate "1996.04.01"]
[SourceQuality "1"]

1. e4 c5 2. Nf3 e6 3. d4 cxd4 4. Nxd4 Nc6 5. Nc3 Qc7 6. g3 a6 7. Bg2 Nf6 8. O-O
Bc5 $5 {Schwarz spielte diese Variante einige Tage vorher gegen Benjamin  mit
Weiss, aber von der Eroeffnung konnte er gar nichts herausholen.} 9. Bf4 e5 $1
$146 (9... Ne5 10. Na4 Ba7 11. c4 d6 12. Rc1 Bd7 13. c5 $36 {Georgiev,
Ki-Miladinovic,I/Elenite/1995/CBM50/INF64,188/}) 10. Nb3 {Minev schreibt bei
seiner Analyse -INF17,401- :Klarer Vorteil fuer Weiss +/-. Natuerlich hat der
Nachziehende andere -richtige- Meinung.} exf4 11. Nxc5 fxg3 12. hxg3 (12. fxg3
d6 (12... Qb6 $2 13. Qd6 $40) 13. Nd3 Be6 $13) 12... d6 13. Nd3 h5 $5 {Schwarz
konnte jetzt positionell mit 13...Be6 fortsetzen, aber er versucht mit diesem
zweischneidigen Zug die Stellung zu verschaerfen.} (13... Be6 $5 {Leko}) 14.
Nd5 Qd8 $5 (14... Nxd5 $6 15. exd5 Ne7 16. Nf4 $14 {/\ Nxh5 oder Qd4}) 15. Qe1
(15. Qf3 Ng4 {/\ h4}) 15... Kf8 {/\ 16... h4 17.gxh4 Nxd5 18.exd5 Qxh4 ->} 16.
Qc3 Nxd5 17. exd5 {Der Anziehende hat ein sehr wichtiges Ziel erreicht, er
konnte den schwarzen Angriff neutralisieren.} Ne7 18. Rae1 Bf5 19. Nf4 $6 {
Nach diesem schablonhaften Zug uebernimmt Schwarz mit einem ueberraschanden
Zug --siehe 20-sten-- die Initiative.} (19. Qd4 $5) 19... Rc8 20. Qf3 g5 $1 {
[#] Dieser sehr starke Zug ist hochwarscheinlich wie der Blitz aus heiterem
Himmel fuer Weiss.} 21. Ne2 (21. Nxh5 $2 g4 $1 $19 {Der h5-Springer wird
faellen.}) 21... Bg4 (21... Rxc2 $2 22. Nd4 Bg4 23. Qf6 $18) 22. Qf6 Ng6 23.
Qxd8+ Rxd8 {Im Endergebnis hat der Anziehende ein kleines Vorteil gehabt,
seine Leichfiguren -Bg4,Ng6- postieren sehr gut und seine Bauern sind
-besonders h5,g5- sehr aktiv.} 24. Nd4 Kg7 25. Re3 (25. Be4 $5) 25... h4 $1 26.
Be4 Ne5 27. Bf5 (27. f4 $2 Nc4 $17) 27... Bxf5 28. Nxf5+ Kg6 29. f4 (29. Nxd6
$2 Ng4 $1 30. Re4 Nf6 $19) 29... Ng4 30. Ne7+ Kh5 $1 31. Re4 hxg3 32. Nf5 (32.
fxg5 Nf2 $1 33. Rb4 (33. Re3 Kg4 $1 $19) 33... a5 $1 34. Rxb7 Kg4 35. Rxf2 $8
gxf2+ 36. Kxf2 Rh2+ 37. Ke3 Rxc2 $17) 32... Nf6 $1 33. Re7 (33. Nxg3+ Kg4 $17)
33... Nxd5 34. Rxb7 (34. Rxf7 gxf4 35. Nxg3+ Kg6 $1 36. Rf5 Ne3 $19) 34... gxf4
35. c4 $1 (35. Nxg3+ fxg3 36. Rf5+ Kg4 (36... Kg6 37. Rxd5 f5 38. Rb4 $17 {
/\ Kg2 oder Rd3}) 37. Rxd5 f5 $1 (37... Rde8 38. Rxf7 (38. Rd4+ Kh3 39. Rxf7
Re1+ 40. Rf1 Rxf1+ 41. Kxf1 Kh2 42. Rd2+ Kh1 $19) 38... Re1+ 39. Rf1 Rh1+ 40.
Kxh1 Rxf1+ 41. Kg2 Rf2+ 42. Kg1 Rxc2 43. Rxd6 Rxb2 44. Rxa6 $10) 38. Rg7+ Kf4
39. Rd3 Rh3 40. Kg2 Rh2+ 41. Kg1 Rxc2 42. Rgxg3 Rxb2 $19) 35... Rb8 (35... Ne3
36. Nxe3 fxe3 37. Rbxf7 $15) 36. Rxf7 $2 (36. Rxb8 $1 Rxb8 37. cxd5 Rxb2 38.
Rxf4 Kg5 39. Rf3 $1 (39. Rf1 g2 40. Rf3 Kg4 41. Nd4 Rd2 $15) 39... Kg4 40. Rf1
Rxa2 41. Ne3+ Kh3 42. Rxf7 Ra1+ 43. Nf1 (43. Rf1 Ra3 44. Re1 Ra2 $44) 43... Rd1
$10) 36... Kg6 37. Nxd6 {Schwarz spielt die ganze Partie mit offenem Visier
und er hat den Sieg verdient trotzdem, dass Weiss vor dem Schluss Remis haette
erreichen koennen. Ribli} (37. Nxd6 g2 $1 38. R1xf4 (38. Rf2 Ne3 39. Rxg2+ Nxg2
40. Kxg2 Rxb2+ 41. Kf3 Rh3+ 42. Ke4 Re2+ 43. Kd5 (43. Kxf4 Rf2+ $19) 43... Rd2+
44. Kc5 Rxd6 45. Kxd6 Kxf7 $19) (38. Kxg2 Ne3+ 39. Kg1 Nxf1 40. Kxf1 Rxb2 $19)
38... Nxf4 39. Rxf4 Rxb2 40. Rg4+ Kf6 41. Rxg2 Rxg2+ 42. Kxg2 Ke5 $19) 0-1

[Event "Cancan Veterans-Women"]
[Site "Roquebrune"]
[Date "1998.09.19"]
[Round "12"]
[White "Arakhamia Grant, Ketevan"]
[Black "Taimanov, Mark E"]
[Result "1-0"]
[WhiteElo "2420"]
[BlackElo "2455"]
[Annotator "Ribli,Z"]
[PlyCount "87"]
[EventDate "1998.09.07"]
[EventType "schev"]
[EventRounds "12"]
[EventCountry "FRA"]
[SourceTitle "CBM 067"]
[Source "ChessBase"]
[SourceDate "1998.11.30"]
[SourceVersion "2"]
[SourceVersionDate "1998.11.01"]
[SourceQuality "1"]

{[%mdl 8]} 1. e4 c5 2. Nf3 e6 3. d4 cxd4 4. Nxd4 Nc6 5. Nc3 Qc7 6. f4 {Dies
scheint unter den Damen eine beliebte Fortsetzung zu sein. Auch Galliamova
spielt sie gern. Ribli.} a6 {Taimanov, der Schwarz-Spezialist der Variante,
spielt die alte Fortsetzung anstelle 6...Nxd4 7.Qxd4 a6.} 7. Nxc6 Qxc6 8. Bd3
b5 9. Qe2 Bb7 10. Bd2 {Weiß hat eine potentielle Angriffsstellung und Schwarz
Entwicklungsprobleme. Trotzdem entfaltet auch der Nachziehende Aktivität, denn
sein Läufer b7 ist stark.} Nf6 (10... Be7 $5) (10... Bc5 {Und Schwarz kann
ruhig 11...Ne7 spielen.}) 11. e5 b4 {Das ist ein bekanntes Motiv in dieser
Variante. Wenn Schwarz mit dem Springer ziehen muß, erlangt Weiß eine freie
Stellung mit Raumvorteil.} (11... Nd5 12. Be4 Qc5 13. O-O-O (13. Qf3 Rc8 14.
Nxd5 Bxd5 15. Bxd5 exd5 16. c3 Qc4 17. b3 Qe4+ 18. Qxe4 dxe4 19. O-O-O d5 20.
exd6 Bxd6 21. Kb2 h5 22. Be3 Ke7 23. g3 {1/2-1/2 Tolnai,T-Begovac,F/CRO-chT
Makarska 1994 (23)}) 13... Nxc3 14. Bxc3 Bxe4 15. Qxe4 Rc8 16. Rd4 Qc6 17. Qxc6
Rxc6 18. Rhd1 Rc7 19. Ba5 Rb7 20. R4d3 b4 21. c3 g5 22. fxg5 Bg7 23. Re1 Rb5
24. Bc7 bxc3 25. Rxc3 O-O 26. a4 Rd5 27. Rd1 Re8 28. Rxd5 exd5 29. Kd2 $18 {
1-0 Reeh,O-Polgar,S/Budapest Kasparov 1991 (42)}) 12. exf6 bxc3 13. Bxc3 gxf6
14. O-O-O (14. Bxf6 Rg8 {[%cal Rb7h1,Rg8g2]} 15. Rg1 Bc5 {[%cal Rc5g1]} (15...
Rxg2 16. Rxg2 Qxg2 17. Qxg2 Bxg2 18. Bxh7 $16 {[%csl Gh2]}) 16. Bxh7 Bxg1 17.
Bxg8 Bxh2 $11 {[%csl Rf4,Rg2,Gh2]}) 14... Be7 {Die Stellung ist materiell
gleich. Der schwarze König steht in der Mitte, aber auch Schwarz hat seine
Chancen, sein Druck in der langen Diagonalen ist spürbar.} 15. Qh5 $1 $146 {[#]
} (15. Rhg1 Qa4 16. Kb1 Qxf4 17. g3 Qh6 18. g4 Rg8 19. Qf2 Rc8 20. Bd2 Qh3 21.
Rg3 Qh4 22. Qf1 Qxh2 23. Rg1 Bc5 $19 {0-1 Fiorito,F-Spangenberg,H/Buenos Aires
Najdorf qual 1992 (28)}) 15... Qa4 {[%csl Ra2,Rf4][%cal Ra4a2,Ra4f4]} (15...
Qxg2 16. Rhg1 Qf3 17. Qh6 $40) 16. Kb1 Rc8 (16... Qxf4 17. Rhf1 Qc7 (17... Qg5
$4 18. Qxg5 fxg5 19. Bxh8 $18) 18. Bxf6 Bxf6 19. Rxf6 $16 {[%csl Re8,Gf6,Rf7,
Gh5]}) (16... Bxg2 $5 17. Rhg1 Bd5 18. a3 Qxf4 19. Rg7 e5 $13 {Schwarz hat
zwei Bauern mehr, aber natürlich ist sein h-Bauer schwach. Eine konkrete
Widerlegung des schwarzen Spiels kann ich allerdings nicht erkennen.}) 17. b3
Qc6 (17... Qxf4 18. Rhf1 Qc7 19. Bxf6 Bxf6 20. Rxf6 $16 {[%csl Re8,Gf6,Rf7,Gh5]
}) 18. Bb2 (18. Bd4) 18... Qc5 (18... Qxg2 19. Rhg1 Qf3 20. Qh6 $40 {[%csl Gb2,
Re8,Rf6,Gg1,Gh6]}) 19. Qh6 $14 Rg8 20. Rhg1 (20. Qxh7 Rxg2 21. Qh8+ Bf8 22.
Bxf6 Rxc2 23. Bd4 $18 {Und Schwarz kann nicht gleichzeitig den Turm c2 und den
Läufer f8 gegen Bg7 decken.}) (20. Bxf6 Bf8 (20... Rxg2 21. Bxe7 Kxe7 22. Qxh7)
(20... Rg6 21. Bxg6 fxg6 22. Qg7 Qxc2+ 23. Ka1) 21. Qxh7 Rxg2 22. f5 $40 {
[%csl Ge8]}) 20... Rxg2 21. Rxg2 Bxg2 22. Qxh7 Bf3 (22... Bb7 23. Qh8+ Bf8 24.
Qxf6 $16) 23. Rf1 Bc6 24. Qh8+ Bf8 25. Qxf6 $16 Bg2 (25... Bb5 26. Bd4 (26. c4
$16) 26... Qh5 (26... Qc7 27. Bg6 fxg6 28. Qxg6+ Ke7 (28... Kd8 29. Bf6+ Be7
30. Qg8#) 29. Bf6+ Kd6 30. Be5+ $16) 27. Bxb5 Qxb5 28. Re1 $16) 26. Rc1 a5 27.
f5 Bh3 (27... Be7 28. Qh8+ Bf8 29. Re1 $16) 28. fxe6 Bxe6 29. a4 {Weiß muß
sich nicht beeilen. jetzt ist eine schwarze Schwäche auf a5 festgelegt.} (29.
Rf1 $5) 29... Qh5 (29... Be7 30. Qh8+ Bf8 31. Rf1 $16) 30. Rg1 (30. Qe5 Qxe5
31. Bxe5 {[%csl Ra5,Gd3,Ge5,Gh2] Auch in diesem Endspiel hat Weiß gute
Gewinnchancen, aber es ist verständlich, daß er wegen der schwarzen
Königsstellung die Damen auf dem Brett behalten möchte.}) 30... Rc6 31. Qf4 f5
32. h4 (32. Qb8+ Kf7 33. Qe5 Rc5 34. Qf6+ Ke8 35. Bb5 Qf7 $16 {Weiß hat
Gewinnchancen, aber es gibt keine sofortige Entscheidung.}) 32... Bd6 33. Qg5
Qxg5 34. hxg5 (34. Rxg5 Be7 35. Rh5 f4 $14) 34... Bb4 (34... Kf7 35. g6+ Kg8
36. Rh1 {[%cal Rh1h8]} (36. g7 $16)) 35. g6 Kf8 36. g7+ Kg8 37. c4 {Weiß nimmt
dem gegnerischen Läufer das Feld c3.} (37. Rh1 $2 Bc3 $14 {[%csl Rg7]}) 37...
Rc8 38. Rf1 (38. Rh1 Kf7) 38... Re8 (38... d5 39. cxd5 Bxd5 40. Bxf5 Re8 41.
Ka2 $18 {[%csl Gb2,Gf5,Gg7,Rg8]}) 39. Bd4 (39. Bxf5 $5 Bxf5+ 40. Rxf5 Re1+ 41.
Ka2 Re2 42. Re5 $18) 39... d5 40. cxd5 Bxd5 41. Kb2 Rd8 42. Bxf5 $18 Bxb3 {
Schwarz gewinnt in verlorener Stellung einen Bauern.} (42... Bf7 43. Rf4 Rxd4
44. Rxd4 Kxg7 45. Rxb4 $1 axb4 46. a5 Kf6 (46... Bd5 47. a6 Kf6 48. Bc8 $18 {
[%cal Rc8b7]}) 47. Bc8 Bd5 48. a6 $18 {[%csl Ga6][%cal Rc8b7]}) 43. Kxb3 Rxd4
44. Rg1 {und Schwarz gab auf.} (44. Rg1 Rd8 (44... Rd6 45. Bh7+ $18) 45. Be6+)
1-0

[Event "USA-ch"]
[Site "Modesto"]
[Date "1995.??.??"]
[Round "3"]
[White "De Firmian, Nick E"]
[Black "Benjamin, Joel"]
[Result "1/2-1/2"]
[WhiteElo "2605"]
[BlackElo "2575"]
[Annotator "Ribli,Z"]
[PlyCount "44"]
[EventDate "1995.11.??"]
[EventType "tourn"]
[EventRounds "13"]
[EventCountry "USA"]
[EventCategory "12"]
[SourceTitle "CBM 051"]
[Source "ChessBase"]
[SourceDate "1996.04.01"]
[SourceVersion "1"]
[SourceVersionDate "1996.04.01"]
[SourceQuality "1"]

1. e4 c5 2. Nf3 e6 3. d4 cxd4 4. Nxd4 Nc6 5. Nc3 Qc7 6. g3 a6 7. Bg2 Nf6 8. O-O
Bc5 $5 {Dieser Zug ist in der letzten Zeit sehr populaer geworden.} 9. Nb3 Ba7
10. Kh1 d6 11. f4 $146 (11. a4 h5 12. Bg5 Ne5 13. Qe2 Bd7 $13 {Makropoulou,
M-Bojkovic,N/Moscow olw/1994/INF62,(187)/}) 11... h5 $5 {Dieser Vorstoss ist
fuer derartige Stellungen typisch: Schwarz versucht einen Koenisgangriff
vorzubereiten.} 12. h3 Bd7 13. Qe1 Ng4 $5 {Der Nachziehende will den Zug Be3
nicht zulassen.} 14. Bf3 O-O-O $1 15. Kg2 Rh7 $5 {Voellig auf seine
Angriffsplanung konzentriert.} 16. hxg4 hxg4 17. Bxg4 Rdh8 18. Be3 {[#] Weiss
will das Risiko nicht nehmen und er wird mit diesem Zug um Remishafen segeln.}
(18. Be2 Rh2+ 19. Kf3 g5 $40) 18... Rh2+ 19. Kg1 (19. Kf3 $2 f5 $44 {Schwarz
gewinnt die Figur mit sehr gutem Spiel zurueck.}) 19... Rh1+ 20. Kf2 R1h2+ 21.
Kg1 Rh1+ 22. Kf2 R1h2+ {Ribli} 1/2-1/2

[Event "Horgen-B"]
[Site "Horgen"]
[Date "1995.??.??"]
[Round "7"]
[White "Masserey, Yvan"]
[Black "Cramling, Pia"]
[Result "0-1"]
[WhiteElo "2350"]
[BlackElo "2510"]
[Annotator "Ribli,Z"]
[PlyCount "66"]
[EventDate "1995.10.??"]
[EventType "tourn"]
[EventRounds "9"]
[EventCountry "SUI"]
[EventCategory "11"]
[SourceTitle "CBM 050"]
[Source "ChessBase"]
[SourceDate "1996.02.01"]
[SourceVersion "1"]
[SourceVersionDate "1996.02.01"]
[SourceQuality "1"]

1. e4 c5 2. Nf3 e6 3. d4 cxd4 4. Nxd4 Nc6 5. Nc3 Qc7 6. f4 Nxd4 7. Qxd4 a6 8.
Be2 b5 9. Be3 Bb7 10. O-O-O Rc8 11. Rd2 Nf6 12. Bf3 Be7 $1 (12... Qa5 13. Qa7
$1 $14 {Gallagher,J-Cramling,P/Biel-B/1990/CBM19/INF50,208/}) 13. g4 (13. Rhd1
O-O 14. e5 b4 $1 15. exf6 bxc3 16. Qxc3 Qxc3 17. fxe7 Qxe3 18. exf8=Q+ Kxf8 19.
Bxb7 Rb8 $17 {Hector,J-Cramling,P/Valby/1991/CBM27/}) 13... Bc5 $5 {Die
schwedische Grossmesterin kennt sich in der Paulsen-Variante sehr gut aus.
Dieser Zug ist nur auf den ersten Augenblick ein Tempoverlust. Weiss droht
jetzt nicht mehr e4- e5, weil sein Bf3 haengt.} 14. Qxc5 Qxc5 15. Bxc5 Rxc5 {
Schwarz hat jetzt eine Positionelle Drohung (/\ g5, oder h6,g5).} 16. g5 Ng8
17. Rhd1 Rc7 18. Rd4 {Auf sofortiges 18.a4 koennte b4 kommmen, der Anziehende
will mit dem Partiezug b5-b4 verhindern.} Ne7 $1 19. a4 Nc6 20. Rd6 b4 {
Schwarz konnte also diesen Zug doch durchsetzen.} 21. Ne2 h6 $1 {Dieser Zug
ist fuer derartige Stellungen typisch. Schwarz will die h-Linie fuer seinen
Turm oeffnen. Das bedeutet den strategischen Sieg fuer ihn.} 22. h4 hxg5 23.
hxg5 Rh3 $1 {Schwarz uebernimmt die Initiative.} 24. R6d3 Na5 $1 {Droht /\ Rf3,
Be4 ><c2} 25. Nd4 Rh4 26. Ne2 Rh2 27. Nd4 Rh4 28. Ne2 {Wollen Sie Remis?} b3 $1
{Jetzt bricht die weisse Stellung gleich einem Kartenhaus zusammmen.} 29. c3 e5
$1 {Schlag auf Schlag!} 30. Rh1 (30. fxe5 Bxe4 $17 (30... Nc4 $5 $17 {/\ Ne5}))
30... Rxh1+ 31. Bxh1 Rc4 32. f5 Rxa4 33. Ng3 Ra1+ {DAS IST EINE MUSTERPARTIE:
So spielt man die Paulsen-Variante.} (33... Ra1+ 34. Kd2 Nc4+ 35. Ke2 Nxb2 $19)
0-1

[Event "Sakthi"]
[Site "Sakthi"]
[Date "1996.??.??"]
[Round "3"]
[White "Prasad, Devaki V"]
[Black "Miles, Anthony John"]
[Result "0-1"]
[WhiteElo "2445"]
[BlackElo "2635"]
[Annotator "Ribli,Z"]
[PlyCount "90"]
[EventDate "1996.??.??"]
[EventType "tourn"]
[EventRounds "11"]
[EventCountry "IND"]
[EventCategory "9"]
[SourceTitle "CBM 053"]
[Source "ChessBase"]
[SourceDate "1996.08.01"]
[SourceVersion "1"]
[SourceVersionDate "1996.08.01"]
[SourceQuality "1"]

1. e4 {King} c5 2. Nf3 e6 3. d4 cxd4 4. Nxd4 Nc6 5. Nc3 Qc7 6. Be2 a6 7. O-O b5
$5 {Der englische Grossmeister will seinen Gegner mit dieser seltenen
Forsetzung ueberraschen.,} (7... Nf6 $5) 8. Nxc6 dxc6 9. f4 (9. a4 $5 Rb8 $8 (
9... Bb7 $2 10. axb5 axb5 $2 11. Nxb5 $1 $16 {Wang Zili-Mortensen,E/Copenhagen/
1995/CBM48/}) 10. f4 $14 {Braga,F-Karpov,A/Dubai olm/1986/INF42,209/}) (9. Be3
Bb7 10. a4 Rd8 11. Qe1 Be7 $5 12. f4 b4 13. Nb1 Nf6 $10 {Huebner,R-Leko,P/Wijk/
1996/CBM51/INF65,(186)/}) 9... Bb7 10. Be3 c5 $5 $146 (10... Be7 $5 11. Qe1 c5
$10 {Forster,R-Cramling,P/Biel/1994/CBM43/}) 11. Bf3 b4 $5 {Der Nachziehende
will natuerlich e5,Ne4 nicht lassen.} 12. Na4 {Sehr fragwuerdig, dass ein
Springer am Rand gut oder -wie meistens- schlecht steht.} (12. Nb1 $5 {/\ Nd2,
Nc4}) 12... Rd8 13. Qe2 Nf6 14. e5 $6 (14. Qc4 $5 {>< c5}) (14. Rad1 $5) 14...
Nd5 15. c4 $6 {Jetzt wird Weiss seinen Springer vom Spiel abseitsen.} Nxe3 16.
Qxe3 Bxf3 17. Qxf3 Be7 18. Rad1 O-O 19. b3 f6 $1 20. exf6 Bxf6 {[#] Jetzt
sehen wir eindeutig wie gross der Unterschied zwischen dem Riesenlaeufer und
dem armen Springer ist. Schwarz hat ein ueberlegenes Spiel gehabt.} 21. g3 Bd4+
22. Kg2 e5 23. f5 e4 $1 {[#] Zwecks Linieoeffnung opfert Miles einen Bauern,
wonach sich der schwarze Angriff fast alleine entwickelt.} 24. Qxe4 Rfe8 25.
Qg4 Qc6+ 26. Kh3 (26. Qf3 Re2+ 27. Kh1 Qxf3+ 28. Rxf3 Rde8 $1 $19 {>< a2,h2})
26... Rd6 $1 27. f6 $8 Rxf6 28. Rxf6 Qxf6 29. Qf4 Qe6+ (29... Qxf4 $1) 30. Qg4
Qh6+ 31. Qh4 Qe6+ 32. Qg4 Qf6 33. Qf4 Qxf4 $1 34. gxf4 Re2 $1 {Die
Materialverlust ist nicht mehr zu vermeiden. Der Rest der Partie bedarf keines
Kommentars.} 35. Kg3 Rxa2 36. h3 Kf7 37. Kf3 Rh2 38. Kg3 Re2 39. Rd3 Re6 $5 40.
f5 Re5 41. Kg4 Kf6 42. Rf3 Re4+ 43. Kg3 Ke5 44. Nb6 Re1 45. Nd5 Ke4 {King:
Black's threat is ... Rg1+, and if 46 Rf4+ Kd3, followed by ... Kc2 and the
b-pawn drops.} 0-1

[Event "Bermuda-A"]
[Site "Bermuda"]
[Date "2003.01.28"]
[Round "4"]
[White "Christiansen, Larry Mark"]
[Black "Macieja, Bartlomiej"]
[Result "1-0"]
[WhiteElo "2562"]
[BlackElo "2629"]
[Annotator "Ribli,Z"]
[PlyCount "129"]
[EventDate "2003.01.25"]
[EventType "tourn"]
[EventRounds "11"]
[EventCountry "BER"]
[EventCategory "15"]
[SourceTitle "CBM 094"]
[Source "ChessBase"]
[SourceDate "2003.05.26"]
[SourceVersion "1"]
[SourceVersionDate "2003.05.26"]
[SourceQuality "1"]

1. e4 c5 2. Nf3 Nc6 3. d4 cxd4 4. Nxd4 Qc7 5. Nc3 e6 6. f4 Nxd4 7. Qxd4 a6 8.
Be3 b5 9. Be2 Bb7 10. O-O {Das ist eine ruhige Fortsetzung - Weiß moechte im
folgenden auf positionellen Druck spielen. Die Hauptalternative waere 10.0-0-0
mit beiderseitig scharfem Spiel.} Rc8 11. Rfd1 {Weiß laesst den Turm auf a1,
weil er den Plan mit a2-a4 unterstuetzen moechte.} (11. Rad1 {Dieser Zug ist
oft gespielt.}) 11... Nf6 (11... Bc5 12. Qxc5 Qxc5 13. Bxc5 Rxc5 14. Rd4 Ne7 $5
(14... Nf6 15. a4 $14) 15. Rad1 Bc6 (15... d5 16. exd5 exd5 17. Re1 (17. Bg4
O-O 18. a4 Rd8 19. R1d2 Kf8 20. Bf3 Bc6 21. g4 bxa4 22. Nxa4 Ra5 23. Nc3 Ra8
24. b3 Rc8 25. Kf2 {1-0 Xie Jun-Maric,A/Borshomi 1990/CBM 21 ext (34)}) 17...
O-O 18. Bg4 Rc7 19. a4 bxa4 20. Rxa4 Rd8 21. Rd1 Rd6 22. Rd2 $14 {1/2-1/2
Kindermann,S-Lau,R/Munich 1988/CBM 07 (61)}) 16. R1d3 a5 17. a3 e5 18. fxe5
Rxe5 19. Bf3 O-O 20. h3 h5 21. Nd5 Bxd5 22. exd5 Nf5 23. Re4 Rxe4 24. Bxe4 Nd6
{1/2-1/2 Xie Jun-Maric,A/Beijing/Belgrade 1991/CBM 23 (44)}) 12. e5 Nd5 13.
Nxd5 Bxd5 14. a4 Be7 {Der polnische Großmeister spielte fruher 14...Qc6 gegen
Sutovsky (Sutovsky,E - Macieja,B Bled 2002), aber er ist nicht zufrieden mit
dem Damezug und spielt deshalb eine Abweichung.} (14... Qb7 15. axb5 axb5 16.
Ra7 Qb8 17. Qb6 Qxb6 18. Bxb6 Rb8 19. Be3 $14 {1-0 Illescas Cordoba,M-Polgar,J/
Amsterdam 1989/CBM 15 (65)}) (14... Qc6 15. axb5 axb5 16. Rd3 b4 17. c4 Qxc4
18. Rc3 bxc3 19. Bxc4 Bxc4 20. Qxc3 Be7 21. Ra4 Ba6 22. Rxa6 Rxc3 23. Ra8+ Bd8
24. bxc3 f6 {1/2-1/2 Sutovsky,E-Macieja,B/Bled 2002/EXT 2003 (59)}) (14... Qb8
15. axb5 Bc5 16. Qc3 Bxe3+ 17. Qxe3 axb5 18. Bf3 Bxf3 19. Qxf3 Qb6+ 20. Kh1 O-O
21. c3 b4 {1/2-1/2 Matanovic,A-Bukic,E/Vrnjacka Banja 1962/EXT 2000 (27)}) (
14... bxa4 $5 {Dieser Zug ist auf den ersten Blick nicht schoen, aber im
folgenden kann Schwarz Ausgleichschancen bekommen.} 15. Bxa6 Bc5 16. Qxc5 (16.
Qd2 Rb8 $11) 16... Qxc5 17. Bxc5 Rxc5 18. Bd3 Bc6 $11) 15. axb5 axb5 16. c3 $14
{[%csl Rb5,Ge5][%cal Gd1d7,Ga1a7][%mdl 4] Weiß hat positionellen Druck am
Damenfluegel - der b5P ist schwach und Weiß kontrolliert die offene a-Linie
und die halboffene d-Linie.} Qc6 (16... Qb8 17. Qd3 (17. Bf3 Bc5) 17... b4 (
17... Rc7 18. Qxb5 Rb7 19. Qd3 Rxb2 20. Bf3 Bxf3 21. Qxd7+ Kf8 22. gxf3 $16)
18. Bf3 $18) 17. Qb6 (17. Ra7 $5) 17... Qxb6 (17... Bxg2 18. Bxb5 $18) (17...
b4 $5 18. cxb4 (18. Qxc6 Bxc6) 18... Qxb6 19. Bxb6 Bxb4 20. Rdc1 O-O $11) 18.
Bxb6 g5 {[%cal Gh8g8,Gg8g1] Mit diesem Zug strebt Schwarz nach sofortigem
Gegenspiel am Koenigsfluegel.} (18... b4 19. c4 Bc6 $14) 19. fxg5 Bxg5 20. Bd4
(20. Bxb5 Rb8 21. h4 $13 (21. Ra6 $4 Rxb6 22. Rxb6 Be3+ $19 {[%cal Re3b6,Re3g1]
})) 20... Bc6 (20... b4 21. cxb4 Rc2 22. Bf3 (22. Bf1) 22... Bxf3 23. gxf3 $16)
21. b4 {[%csl Rb5] Mit diesem Zug befestigt Weiß den b5-Bauern, was eine ewige
Schwaechung in der schwarze Stellung darstellt.} O-O 22. Rf1 {[%cal Gf1f6] Auf
diese Weise verhindert Weiß die Befreiungsmoeglichkeit f7-f6.} Be7 23. Ra5 Rb8
(23... Bd8) 24. Rf4 {[%cal Gf4g4,Gg4g8]} (24. Bf3 $14) 24... Kg7 25. Bf3 Ra8 (
25... f5 26. exf6+ Bxf6 27. Rxf6 Rxf6 28. Bxc6 dxc6 29. Ra7+ Kg6 30. Bxf6 Kxf6
31. Rxh7 $16) (25... Bxf3 26. Rxf3 $16) 26. Rg4+ Kh8 27. Rf4 Kg7 28. h4 {
Natuerlich ist Weiß nicht zufrieden mit der Zugwiederholung - mit diesem Zug
gewinnt er Raum am Koenigsfluegel.} h6 (28... Rxa5 29. bxa5 Ra8 30. Bb6 $14)
29. Kf2 Kg6 30. h5+ Kg7 31. Rg4+ Kh7 32. Ke2 Bg5 (32... Bxf3+ 33. Kxf3 $16) 33.
Bc5 Rfc8 34. Bxc6 dxc6 (34... Rxa5 35. bxa5 Rxc6 36. Bb4 $16 {[%csl Ga5][%cal
Gg4d4,Gd4d7]}) 35. Rd4 $16 {[%csl Ga5,Gc5,Gd4][%cal Gd4d8,Ga5a8][%mdl 4096]
Die weißen Figuren stehen viel aktiver - Schwarz hat kein Gegenspiel.} Rd8 36.
Rxa8 Rxa8 37. Rd6 Rc8 (37... Ra6 $16) 38. Rd7 Kg7 39. Kf3 {[%cal Gf3e4]} Ra8 (
39... Kg8 40. Ke4 Kg7 41. g4 $16) 40. Ke4 Ra3 41. Rc7 Ra6 42. g3 Bd8 43. Rc8
Bg5 44. Bd4 Bd2 45. g4 Kh7 46. Bf2 Bg5 47. Be3 $1 {Weiß möchte den Läufer
tauschen.} Bh4 (47... Bxe3 48. Kxe3 $18 {[%cal Ge3d4,Gd4c5]}) (47... Kg7 48.
Bxg5 hxg5 49. Kd4 $18) 48. Kd4 Kg7 49. Ke4 (49. Kc5 Be7+) 49... Be7 50. Rc7 Bd8
51. Rd7 Ra8 (51... Bh4 52. Kd4 {[%cal Gd4c5]}) 52. Ba7 Bh4 53. Bd4 Bd8 (53...
Ra6) 54. Rd6 Rc8 55. Be3 Bh4 56. Kd4 Be7 {[#]} 57. Kc5 $1 $18 {[%cal Gc5b6]} f6
(57... Bxd6+ 58. exd6 $18 {[%cal Gd6d7]}) 58. Kb6 {[%csl Rc6]} Kf7 (58... Bxd6
59. exd6 Kf7 60. d7 Rd8 61. Kc7 Ke7 62. Bc5+ $18) 59. Rxc6 Rb8+ 60. Ka6 fxe5
61. Rc7 {[%csl Re7][%cal Rc7f7]} Kf6 62. Bxh6 e4 63. g5+ Kf7 64. g6+ Kf6 65.
Be3 1-0